| 000 | 02258cam a22004934i 4500 | ||
|---|---|---|---|
| 003 | PE-LiUPU | ||
| 005 | 20250731172855.0 | ||
| 008 | 160823s r 000 0 spa d | ||
| 020 | _a0671884077 | ||
| 020 | _a9780671884079 | ||
| 035 | _a(Sirsi) a163103 | ||
| 040 |
_a PE-LiUPU _bspa _cPE-LiUPU _erda |
||
| 082 | 0 | 4 |
_a261.835766092 _bW62 _223 |
| 100 | 1 |
_aWhite, Mel. _eautor. |
|
| 245 |
_aStranger At The Gate _h[electronic resource] / _cMel White. |
||
| 264 |
_aNew York : _bSimon & Schuster Audio, _c2015. |
||
| 300 |
_a333 páginas : _c24 centimetros |
||
| 336 |
_atext _2rdacontent |
||
| 337 |
_aunmediated _2rdamedia |
||
| 338 |
_avolume _2rdacarrier |
||
| 505 | 0 | _aIn the beginning_the ghost of silence -- Adolescence_the ghost of fear -- High school_theghost of loneliness -- College_the ghost of false hope -- 1962-64, learning to tell the truth -- 1970-80, learning about friendship -- 1970-81, taking the first steps -- 1980-81, facing reality -- 1981, surviving infatuation and isolation -- 1982-83, "it´ going to be all right, dad -- 1984-90, giving up the ghos! -- 1990-91, one last year of silence -- 1991-93, a ghost no more! -- 1993-94, time for doing no justice!. | |
| 520 | _aA Simon & Schuster eBook. Simon & Schuster has a great book for every reader. | ||
| 526 | _aSEG42 | ||
| 526 | _aSEG41 | ||
| 526 | _aSEG40 | ||
| 526 | _aSEG39 | ||
| 526 | _aP94 | ||
| 526 | _aP87 | ||
| 526 | _aP86 | ||
| 526 | _aP85 | ||
| 526 | _aP77 | ||
| 526 | _aP76 | ||
| 526 | _aP35 | ||
| 600 | 1 |
_aWhite, Mel, _d1940- |
|
| 650 | 0 | 4 |
_aHomosexualidad _xAspectos religiosos. |
| 610 |
_aFraternidad Universal del Clero de las Iglesias de la Comunidad Metropolitana _vBiografías. |
||
| 710 | 2 | _aRecorded Books | |
| 910 |
_ajck _bjos _cjck _d20160823 |
||
| 942 |
_2ddc _cBOOK |
||
| 949 |
_a261.835766092 W62 _wDEWEY _c1 _i70849 _lCATALOGING _mBUL _p20 _r0 _sY _tBOOK _u12016-08-22 _xTEOLOGIA _PP35 _0COMPRA _o.CIRCNOTE. El documento es de alto precio. _o.STAFF. Colección |
||
| 596 | _a1 | ||
| 999 |
_a261.835766092 W62 _wDEWEY _c12012 _i70849 _f2021-11-10 _g5 _lCCODEBUL1 _mBUL _p20.00 _r0 _sY _tBOOK _u2016-8-23 _xTEOLOGIA _PP94 _0COMPRA _o.STAFF. Colección General _d12012 |
||
| 980 |
_81 _gALBERTO SANCHEZ Responsable de Automatización |
||